Statistics for African Countries Former Names

Click here to take the quiz!

General Stats

  • This quiz has been taken 85 times
  • The average score is 9 of 10

Answer Stats

HintAnswer% Correct
AbyssiniaEthiopia
97%
ZaireDemocratic Republic of The Congo
97%
South West AfricaNamibia
96%
Northern RhodesiaZambia
96%
NyasalandMalawi
88%
Malgasy RepublicMadagascar
88%
BasutolandLesotho
85%
DahomeyBenin
83%
Upper VoltaBurkina Faso
82%
BechuanalandBotswana
79%

Score Distribution

Percentile by Number Answered

Percent of People with Each Score

Your Score History

You have not taken this quiz